[Event "DVM U14 2011"]
[Site "Lingen (Ems) GER"]
[Date "2011.12.28"]
[Round "4"]
[White "Dirks, Alexander"]
[Black "Aslan, Dersim"]
[Result "1/2-1/2"]
[Termination "normal"]
[Board "8.2"]
[WhiteElo "1372"]
[BlackElo "1601"]
[WhiteTeam "SC Widdern"]
[BlackTeam "SV Werder Bremen"]
[WhiteFideId "12946303"]
[BlackFideId "24692271"]
[EventCountry "GER"]
[EventRounds "7"]
[EventType "team-swiss"]
[EventDate "2011.12.26"]

1. e4 {[%emt 0:00:00]} d5 2. exd5 Qxd5 3. Nc3 Qd8 4. Nf3 Nf6 5. d3 Bg4 6. Be2
e6 7. Bg5 Be7 8. O-O O-O 9. h3 Bh5 10. Re1 Nbd7 11. Nd2 Bxe2 12. Qxe2 c6 13. a3
Qc7 14. Nc4 Rfe8 15. Ne5 Bd6 16. Nxd7 Nxd7 17. Ne4 Bf8 18. Be3 Nb6 19. Bc5 Bxc5
20. Nxc5 Rad8 21. Ne4 Nd5 22. Rad1 Qb6 23. c4 Nf4 24. Qe3 Qxe3 25. Rxe3 b6 26.
b4 f5 27. Ng3 Kf7 28. Ne2 Nxe2+ 29. Rxe2 Rd6 30. f3 Red8 31. Rdd2 a5 32. Kf2
1/2-1/2

[Event "DVM U14 2011"]
[Site "Lingen (Ems) GER"]
[Date "2011.12.28"]
[Round "4"]
[White "Rosenthal, Moritz"]
[Black "Weinmeister, Nico"]
[Result "0-1"]
[Termination "normal"]
[Board "8.3"]
[WhiteElo "1082"]
[BlackElo "1380"]
[WhiteTeam "SV Werder Bremen"]
[BlackTeam "SC Widdern"]
[WhiteFideId "12946338"]
[BlackFideId "12946311"]
[EventCountry "GER"]
[EventRounds "7"]
[EventType "team-swiss"]
[EventDate "2011.12.26"]

1. e4 e5 2. Nf3 Nc6 3. Bc4 Bc5 4. c3 Nf6 5. d3 d5 6. exd5 Nxd5 7. d4 exd4 8.
cxd4 Bb6 9. O-O O-O 10. b3 Bg4 11. Nbd2 Bxd4 12. Rb1 Nc3 13. Qe1 Nxb1 14. Nxd4
Qxd4 15. Nxb1 Rfe8 16. Qd2 Qxd2 17. Bxd2 Ne5 18. Bd5 c6 19. Be4 Rad8 20. h3 Bh5
21. f4 Nd7 22. Bc2 Be2 23. Rf2 Nc5 24. Bc3 Nd3 25. Bxd3 Rxd3 26. Kh2 f6 27. Bd2
Bh5 28. g4 Bf7 29. f5 Bd5 30. Bb4 Ree3 31. Nc3 Rxh3+ 32. Kg1 Rh1# 0-1

[Event "DVM U14 2011"]
[Site "Lingen (Ems) GER"]
[Date "2011.12.28"]
[Round "4"]
[White "Hoffmann, Jens"]
[Black "Bitsch, Sebastian"]
[Result "1-0"]
[Termination "normal"]
[Board "8.4"]
[WhiteElo "1375"]
[BlackElo "919"]
[WhiteTeam "SC Widdern"]
[BlackTeam "SV Werder Bremen"]
[WhiteFideId "12946320"]
[EventCountry "GER"]
[EventRounds "7"]
[EventType "team-swiss"]
[EventDate "2011.12.26"]

1. e4 c5 2. Nf3 d6 3. d4 cxd4 4. Nxd4 Nf6 5. Nc3 g6 6. Bb5+ Nc6 7. Nxc6 bxc6 8.
Bxc6+ Bd7 9. Bxa8 Qxa8 10. Qe2 Bg7 11. Bg5 O-O 12. O-O Rc8 13. Rfd1 Qb7 14.
Rab1 Qb6 15. e5 Bg4 16. Nd5 Bxe2 17. Nxb6 axb6 18. Re1 Rxc2 19. exf6 exf6 20.
Be3 b5 21. Rec1 Bd3 22. Rxc2 Bxc2 23. Rc1 Bf5 24. Rd1 Be6 25. Rxd6 Bxa2 26.
Rd8+ Bf8 27. Bh6 1-0

[Event "DVM U14 2011"]
[Site "Lingen (Ems) GER"]
[Date "2011.12.28"]
[Round "4"]
[White "Rausch, Adrian"]
[Black "Bilchinski, Anton"]
[Result "0-1"]
[Termination "normal"]
[Board "9.1"]
[WhiteElo "1706"]
[BlackElo "1820"]
[WhiteTeam "SV Backnang"]
[BlackTeam "SK 1908 Göggingen"]
[WhiteFideId "12929069"]
[BlackFideId "24615765"]
[EventCountry "GER"]
[EventRounds "7"]
[EventType "team-swiss"]
[EventDate "2011.12.26"]

1. d4 Nf6 2. c4 g6 3. Nc3 Bg7 4. e4 d6 5. f3 O-O 6. Be3 Nc6 7. Nge2 a6 8. Nc1
e5 9. d5 Nd4 10. Bxd4 exd4 11. N3e2 Re8 12. Ng3 c5 13. Be2 h5 14. O-O Bh6 15.
Nh1 h4 16. Qc2 Be3+ 17. Nf2 Nh5 18. Kh1 Ng3+ 19. hxg3 hxg3 20. Nh3 Qh4 21. f4
Bxh3 0-1

[Event "DVM U14 2011"]
[Site "Lingen (Ems) GER"]
[Date "2011.12.28"]
[Round "4"]
[White "Reimann, Sebastian"]
[Black "Wendland, Tobias"]
[Result "1-0"]
[Termination "normal"]
[Board "9.2"]
[WhiteElo "1516"]
[BlackElo "1621"]
[WhiteTeam "SK 1908 Göggingen"]
[BlackTeam "SV Backnang"]
[WhiteFideId "12928054"]
[BlackFideId "24662267"]
[EventCountry "GER"]
[EventRounds "7"]
[EventType "team-swiss"]
[EventDate "2011.12.26"]

1. e4 e6 2. d4 d5 3. Nd2 Nf6 4. e5 Nfd7 5. Bd3 c5 6. c3 Nc6 7. Ne2 cxd4 8. cxd4
Be7 9. O-O O-O 10. a3 f6 11. exf6 Nxf6 12. Nf3 Bd6 13. Re1 Bd7 14. b4 Qb6 15.
Bb2 Rae8 16. Nc3 Kh8 17. Na4 Qc7 18. Rc1 Qb8 19. Nc5 e5 20. Nxd7 Nxd7 21. dxe5
Ndxe5 22. Nxe5 Nxe5 23. Bxe5 Bxe5 24. Qh5 Bxh2+ 25. Qxh2 Qxh2+ 26. Kxh2 Rd8 27.
f3 Rf7 28. Re5 d4 29. Re4 Rfd7 30. Rce1 g6 31. Kg3 b6 32. Kf2 Kg8 33. Re7 Kf8
34. R7e2 Kf7 35. Rc2 Kf6 36. Rc4 Kf7 37. Rec1 Kf6 38. Rc6+ Ke7 39. Rh1 Kf8 40.
Rhc1 Ke7 41. Rc7 Kd6 42. Rxd7+ Rxd7 43. Ke2 Ke5 44. g3 Kf6 45. Be4 g5 46. Kd3
Ke5 47. a4 h5 48. Rh1 Rc7 49. Rxh5 Rc3+ 50. Kd2 Kf6 51. Rh7 Rc4 52. Rxa7 Rxb4
53. Ra6 Ke5 54. Ra8 g4 55. Re8+ 1-0

[Event "DVM U14 2011"]
[Site "Lingen (Ems) GER"]
[Date "2011.12.28"]
[Round "4"]
[White "Artz, Tobias"]
[Black "Zouani, Samir"]
[Result "1/2-1/2"]
[Termination "normal"]
[Board "9.4"]
[WhiteElo "1388"]
[BlackElo "1360"]
[WhiteTeam "SK 1908 Göggingen"]
[BlackTeam "SV Backnang"]
[WhiteFideId "12928127"]
[BlackFideId "12946206"]
[EventCountry "GER"]
[EventRounds "7"]
[EventType "team-swiss"]
[EventDate "2011.12.26"]

1. e4 e5 2. Nf3 Nc6 3. Bc4 Nd4 4. Nxd4 exd4 5. d3 d6 6. Bf4 Nf6 7. O-O c5 8.
Re1 Be7 9. e5 dxe5 10. Bxe5 O-O 11. Qf3 Qb6 12. Bb3 Be6 13. Nd2 Bxb3 14. axb3
Rfe8 15. Qg3 Qc6 16. Ne4 b6 17. h3 a5 18. Nd2 Rad8 19. Re4 g6 20. Bxf6 Bxf6 21.
Qf3 Rxe4 22. Nxe4 Bg7 23. Re1 Qe6 24. Re2 Qc8 25. Nf6+ Bxf6 26. Qxf6 Qb8 27.
Re7 Rf8 28. h4 Qd8 29. Qe5 h5 30. g3 Qb8 31. Qg5 Qd8 32. g4 hxg4 33. h5 Qd6
1/2-1/2

[Event "DVM U14 2011"]
[Site "Lingen (Ems) GER"]
[Date "2011.12.28"]
[Round "4"]
[White "Müller, Max"]
[Black "Bykov, Ilya"]
[Result "1/2-1/2"]
[Termination "normal"]
[Board "10.1"]
[WhiteElo "1644"]
[BlackElo "1720"]
[WhiteTeam "SC Caissa Schwarzenbach"]
[BlackTeam "Karlsruher SF 1853"]
[WhiteFideId "12900486"]
[BlackFideId "12918059"]
[EventCountry "GER"]
[EventRounds "7"]
[EventType "team-swiss"]
[EventDate "2011.12.26"]

1. e4 Nf6 2. e5 Nd5 3. d4 d6 4. c4 Nb6 5. f4 g6 6. Nf3 Bg7 7. Be3 O-O 8. Be2
Be6 9. Nbd2 Bf5 10. O-O Nc6 11. a3 Bd7 12. Ne4 a5 13. b3 Bf5 14. Ng3 Bg4 15.
Rc1 e6 16. Ne4 f6 17. exf6 Bxf6 18. Nxf6+ Qxf6 19. Qd2 Qg7 1/2-1/2

[Event "DVM U14 2011"]
[Site "Lingen (Ems) GER"]
[Date "2011.12.28"]
[Round "4"]
[White "Weinmann, Balduin"]
[Black "Backens, Johannes"]
[Result "1/2-1/2"]
[Termination "normal"]
[Board "10.2"]
[WhiteElo "1116"]
[BlackElo "1235"]
[WhiteTeam "Karlsruher SF 1853"]
[BlackTeam "SC Caissa Schwarzenbach"]
[BlackFideId "12946389"]
[EventCountry "GER"]
[EventRounds "7"]
[EventType "team-swiss"]
[EventDate "2011.12.26"]

1. d4 d5 2. Bf4 c5 3. c3 Bf5 4. Nf3 e6 5. e3 Nf6 6. Nbd2 cxd4 7. exd4 a6 8. Ne5
Be7 9. Ndf3 O-O 10. Bd3 Bxd3 11. Qxd3 Nfd7 12. h4 f6 13. Ng4 Nc6 14. Ne3 Rc8
15. g4 Na5 16. g5 f5 17. Ke2 Nc4 18. Nxc4 Rxc4 19. Qc2 b5 20. h5 Qb6 21. g6 h6
22. Qd2 Nf6 23. Bxh6 Ne4 24. Qe3 b4 25. Nd2 Nxc3+ 26. bxc3 Rxc3 27. Qf4 Bd6 28.
Qg5 Qxd4 29. Rac1 Qd3+ 30. Kd1 Rxc1+ 31. Kxc1 Qc3+ 32. Kb1 Qd3+ 33. Kc1 Qc3+
34. Kb1 Qd3+ 35. Kc1 1/2-1/2

[Event "DVM U14 2011"]
[Site "Lingen (Ems) GER"]
[Date "2011.12.28"]
[Round "4"]
[White "Zimmermeier, Gregor"]
[Black "Ospina Ocampo, Antonio"]
[Result "1-0"]
[Termination "normal"]
[Board "10.3"]
[WhiteElo "877"]
[BlackElo "934"]
[WhiteTeam "SC Caissa Schwarzenbach"]
[BlackTeam "Karlsruher SF 1853"]
[BlackFideId "12946362"]
[EventCountry "GER"]
[EventRounds "7"]
[EventType "team-swiss"]
[EventDate "2011.12.26"]

1. e4 e5 2. Nf3 Nc6 3. d4 f6 4. dxe5 Qe7 5. exf6 Qxe4+ 6. Qe2 Qxe2+ 7. Bxe2
Nxf6 8. Nc3 Bb4 9. Bd2 d6 10. a3 Ba5 11. Bd3 Bg4 12. Ng5 Bh5 13. O-O O-O-O 14.
Rfe1 h6 15. Ne6 Rdg8 16. Bf5 Kb8 17. Nf4 Nd4 18. Bd3 Re8 19. Rxe8+ Rxe8 20.
Nxh5 Nxh5 21. Bg6 Nf6 22. Bxe8 Nxe8 23. Rc1 Bxc3 24. Re1 Nf6 25. Bxc3 c5 26.
Bxd4 cxd4 27. Rd1 Kc7 28. Rxd4 d5 29. c4 dxc4 30. Rxc4+ Kd6 31. Ra4 a6 32. Rb4
Kc6 33. f3 b5 34. a4 Kc5 35. Rh4 b4 36. Kf2 a5 37. Ke2 Kd5 38. Kd3 Kc5 39. Rc4+
Kb6 40. Kd4 Nd7 41. Kd5 h5 42. Kd6 Nb8 43. g4 hxg4 44. Rxg4 g5 45. h4 1-0

[Event "DVM U14 2011"]
[Site "Lingen (Ems) GER"]
[Date "2011.12.28"]
[Round "4"]
[White "Sirbu, Nikita"]
[Black "Dechant, Joel Julian"]
[Result "0-1"]
[Termination "normal"]
[Board "10.4"]
[WhiteElo "805"]
[BlackElo "836"]
[WhiteTeam "Karlsruher SF 1853"]
[BlackTeam "SC Caissa Schwarzenbach"]
[WhiteFideId "12946370"]
[EventCountry "GER"]
[EventRounds "7"]
[EventType "team-swiss"]
[EventDate "2011.12.26"]

1. e4 e5 2. Nf3 Nc6 3. Bb5 d6 4. O-O a6 5. Bc4 Nf6 6. Nc3 Be6 7. Bxe6 fxe6 8.
d3 d5 9. Re1 d4 10. Ne2 Bd6 11. c3 Bc5 12. Ng5 Qd7 13. f4 dxc3+ 14. Kh1 cxb2
15. Bxb2 Ng4 16. Qd2 Nf2+ 0-1

[Event "DVM U14 2011"]
[Site "Lingen (Ems) GER"]
[Date "2011.12.29"]
[Round "5"]
[White "Schmücker, Felix"]
[Black "Koop, Thorben"]
[Result "0-1"]
[Termination "normal"]
[Board "1.1"]
[WhiteElo "2062"]
[BlackElo "2099"]
[WhiteTeam "BSG Grün-Weiß Leipzig"]
[BlackTeam "SV Lingen 1959"]
[WhiteFideId "12900273"]
[BlackFideId "24661619"]
[EventCountry "GER"]
[EventRounds "7"]
[EventType "team-swiss"]
[EventDate "2011.12.26"]

1. e4 c5 2. Nf3 Nc6 3. d4 cxd4 4. Nxd4 e5 5. Nb5 d6 6. c4 Be7 7. N1c3 a6 8. Na3
f5 9. exf5 Bxf5 10. g3 Nf6 11. Bg2 O-O 12. O-O Qd7 13. Nc2 Rae8 14. Ne3 Be6 15.
a4 Bd8 16. Ncd5 Ne7 17. b3 Nexd5 18. Nxd5 Nxd5 19. Bxd5 Bb6 20. Ba3 Bd4 21.
Bxe6+ Rxe6 22. Ra2 Ref6 23. Bc1 Qh3 24. Re2 Rf5 25. Kh1 Rf3 0-1

[Event "DVM U14 2011"]
[Site "Lingen (Ems) GER"]
[Date "2011.12.29"]
[Round "5"]
[White "Oehne, Timo"]
[Black "Richter, Leonard"]
[Result "1/2-1/2"]
[Termination "normal"]
[Board "1.2"]
[WhiteElo "1809"]
[BlackElo "1846"]
[WhiteTeam "SV Lingen 1959"]
[BlackTeam "BSG Grün-Weiß Leipzig"]
[WhiteFideId "24661635"]
[BlackFideId "12900290"]
[EventCountry "GER"]
[EventRounds "7"]
[EventType "team-swiss"]
[EventDate "2011.12.26"]

1. e4 c6 2. c4 d5 3. cxd5 cxd5 4. exd5 Nf6 5. Nc3 Nxd5 6. d4 Nc6 7. Bc4 Nb6 8.
Bb5 e6 9. Nf3 Bd7 10. a3 Be7 11. O-O O-O 12. Re1 Bf6 13. Bf4 Na5 14. Bd3 Rc8
15. Ne4 Ba4 16. Nxf6+ Qxf6 17. Bg5 Bxd1 18. Raxd1 Qd8 19. Bxd8 Rfxd8 20. Rc1 h6
21. Be4 Nd5 22. Kf1 Nc4 23. Rc2 b5 24. Bxd5 exd5 25. Rec1 Rb8 26. Ra1 Rdc8 27.
Ke2 Na5 28. Rxc8+ Rxc8 29. Kd3 f6 30. Re1 Kf7 31. Rb1 Nc4 32. Ne1 Re8 33. Nc2
Rc8 34. b3 Nb6 35. Nb4 1/2-1/2

[Event "DVM U14 2011"]
[Site "Lingen (Ems) GER"]
[Date "2011.12.29"]
[Round "5"]
[White "Angrick, Philipp"]
[Black "Bach, Jannik"]
[Result "1/2-1/2"]
[Termination "normal"]
[Board "1.3"]
[WhiteElo "1821"]
[BlackElo "1832"]
[WhiteTeam "BSG Grün-Weiß Leipzig"]
[BlackTeam "SV Lingen 1959"]
[WhiteFideId "12912298"]
[BlackFideId "24615900"]
[EventCountry "GER"]
[EventRounds "7"]
[EventType "team-swiss"]
[EventDate "2011.12.26"]

1. e4 c6 2. d4 d5 3. exd5 cxd5 4. Bd3 Nc6 5. c3 Nf6 6. Bf4 g6 7. Nd2 Bg7 8.
Ngf3 O-O 9. O-O Bg4 10. h3 Bxf3 11. Nxf3 e6 12. Qd2 Ne8 13. Rfe1 Nd6 14. Ne5
Rc8 15. Bh6 Nxe5 16. Rxe5 Nc4 17. Bxc4 Rxc4 18. Bxg7 Kxg7 19. Rae1 b5 20. R1e3
Qh4 21. Rf3 Rc6 22. Qe3 Qh6 23. Qe1 b4 24. Kh2 bxc3 25. bxc3 Rfc8 26. Re2 Qg5
27. Rb2 1/2-1/2

[Event "DVM U14 2011"]
[Site "Lingen (Ems) GER"]
[Date "2011.12.29"]
[Round "5"]
[White "Vonhoff, Nils"]
[Black "Schaefer, Matthes"]
[Result "1-0"]
[Termination "normal"]
[Board "1.4"]
[WhiteElo "1787"]
[BlackElo "1330"]
[WhiteTeam "SV Lingen 1959"]
[BlackTeam "BSG Grün-Weiß Leipzig"]
[WhiteFideId "24692301"]
[BlackFideId "12946117"]
[EventCountry "GER"]
[EventRounds "7"]
[EventType "team-swiss"]
[EventDate "2011.12.26"]

1. e4 e5 2. Bc4 Nf6 3. d3 Nc6 4. Nf3 Bc5 5. c3 d5 6. exd5 Nxd5 7. Qb3 Na5 8.
Qb5+ c6 9. Qxc5 b6 10. Qa3 Nxc4 11. dxc4 Nf6 12. Nxe5 Qc7 13. Nf3 c5 14. Qa4+
Bd7 15. Qc2 O-O 16. O-O Bc6 17. Nbd2 Rfe8 18. b3 Rad8 19. Qf5 h6 20. Ba3 Bd7
21. Qc2 Bc6 22. Rae1 a5 23. Bc1 Qd6 24. Rxe8+ Rxe8 25. Re1 Rxe1+ 26. Nxe1 Nh5
27. Ndf3 Qf6 28. Qd3 Qe7 29. Qe3 Qd6 30. Ne5 Bb7 31. N1d3 Qd8 32. h3 Qd6 33. a3
Nf6 34. b4 Ne4 35. Bb2 Qc7 36. f3 Nd6 37. bxc5 bxc5 38. Qxc5 Qd8 39. Qd4 Qc7
40. c5 Nf5 41. Qd7 Qxd7 42. Nxd7 f6 43. Kf2 Kf7 44. Nc1 a4 45. Ne2 Ke8 46. Nb6
Bc6 47. Nd4 Nxd4 48. cxd4 Ke7 49. d5 1-0

[Event "DVM U14 2011"]
[Site "Lingen (Ems) GER"]
[Date "2011.12.29"]
[Round "5"]
[White "Lindner, Ferdinand"]
[Black "Flüchter, Gregor"]
[Result "0-1"]
[Termination "normal"]
[Board "2.1"]
[WhiteElo "1628"]
[BlackElo "1916"]
[WhiteTeam "SV Medizin Erfurt"]
[BlackTeam "SF Brackel 30"]
[WhiteFideId "1270769"]
[BlackFideId "12903396"]
[EventCountry "GER"]
[EventRounds "7"]
[EventType "team-swiss"]
[EventDate "2011.12.26"]

1. e4 c5 2. d4 cxd4 3. c3 Nf6 4. e5 Nd5 5. cxd4 Nc6 6. Nf3 d6 7. Bc4 Nb6 8. Bb3
dxe5 9. dxe5 Qxd1+ 10. Bxd1 Nc4 11. Nc3 e6 12. Nb5 Bb4+ 13. Bd2 Nxd2 14. Nxd2
O-O 15. f4 Rd8 16. Nc3 Bd7 17. O-O Nd4 18. Nde4 Bc6 19. Bb3 Nf5 20. a3 Ba5 21.
Kh1 Bxc3 22. Nxc3 Rd2 23. Rg1 Ne3 24. Ba4 Bxg2+ 25. Rxg2 Nxg2 26. Rf1 Ne3 27.
Rf3 Nf5 28. b4 Rc8 29. h3 Nd4 30. Rg3 Ne2 31. Nxe2 Rxe2 32. Rg2 Rxg2 33. Kxg2
Rc3 0-1

[Event "DVM U14 2011"]
[Site "Lingen (Ems) GER"]
[Date "2011.12.29"]
[Round "5"]
[White "Birnkraut, Tim"]
[Black "Nguyen, Huy Dat"]
[Result "0-1"]
[Termination "normal"]
[Board "2.2"]
[WhiteElo "1729"]
[BlackElo "1744"]
[WhiteTeam "SF Brackel 30"]
[BlackTeam "SV Medizin Erfurt"]
[WhiteFideId "24609587"]
[BlackFideId "12923486"]
[EventCountry "GER"]
[EventRounds "7"]
[EventType "team-swiss"]
[EventDate "2011.12.26"]

1. e4 c5 2. c4 Nc6 3. Ne2 g6 4. d4 cxd4 5. Nxd4 Bg7 6. Be3 Nf6 7. Nc3 O-O 8.
Be2 d6 9. O-O Bd7 10. f3 a5 11. b3 Nxd4 12. Bxd4 Bc6 13. Qd2 Nd7 14. Be3 Nc5
15. Rab1 Qb6 16. Rfc1 Rfc8 17. Rc2 Qd8 18. Bf1 Qf8 19. a3 f5 20. exf5 Qxf5 21.
b4 axb4 22. axb4 Na4 23. Ne2 Rd8 24. Nd4 Qf7 25. Nxc6 bxc6 26. b5 c5 27. Rd1
Nb6 28. Bxc5 dxc5 29. Qxd8+ Rxd8 30. Rxd8+ Bf8 31. Rdd2 Bh6 32. Re2 Qf6 33. Re4
Qd6 34. Rce2 Kf7 35. Re1 Na4 36. g3 Bg5 37. Bh3 Bf6 38. Be6+ Kf8 39. Bd5 Qc7
40. Re6 Nb6 41. Rc6 Qa7 42. Kg2 Nxd5 43. cxd5 Qa2+ 44. Kh3 Qxd5 45. Re4 c4 46.
Rexc4 Qxb5 47. Rc1 Qd3 48. Rc8+ Kf7 49. Kg2 Qd2+ 50. Kh3 Qd7+ 0-1

[Event "DVM U14 2011"]
[Site "Lingen (Ems) GER"]
[Date "2011.12.29"]
[Round "5"]
[White "Wastian, Jan"]
[Black "Nguyen, Ha Thanh"]
[Result "1-0"]
[Termination "normal"]
[Board "2.4"]
[WhiteElo "1610"]
[BlackElo "1139"]
[WhiteTeam "SF Brackel 30"]
[BlackTeam "SV Medizin Erfurt"]
[WhiteFideId "12911640"]
[BlackFideId "12942154"]
[EventCountry "GER"]
[EventRounds "7"]
[EventType "team-swiss"]
[EventDate "2011.12.26"]

1. e4 c5 2. c3 Nc6 3. d4 e6 4. Nf3 Nf6 5. d5 Ne7 6. d6 Ng6 7. Na3 a6 8. e5 Nd5
9. Bd3 Ngf4 10. O-O Nxd3 11. Qxd3 b5 12. c4 bxc4 13. Nxc4 Rb8 14. Be3 a5 15.
Bxc5 Ba6 16. Qd4 Bxc4 17. Qxc4 Rc8 18. Rac1 Ra8 19. Nd2 g6 20. Qe4 Bh6 21. Be3
Bg7 22. Nf3 O-O 23. Bg5 f6 24. exf6 Bxf6 25. Bxf6 Nxf6 26. Qa4 Rb8 27. b3 Rb5
28. Qa3 Rb8 29. Rc5 Ra8 30. Rfc1 Ne4 31. Rc7 Qf6 32. h3 Qf7 33. Qa4 Rad8 34.
Qxe4 Qe8 35. Qe5 Ra8 36. Rb7 Qd8 37. Rcc7 Rf7 38. Qb5 Qe8 39. Rxd7 Rxd7 40.
Qxd7 Qxd7 41. Rxd7 Ra6 42. Ne5 Kf8 43. Kh2 Ke8 44. Kg3 Rb6 45. Kg4 Rb4+ 46. Kg5
Re4 47. Re7+ Kd8 48. Nf7+ Kc8 49. d7+ Kc7 50. d8=Q+ Kc6 51. Qa8+ Kb5 52. Qxe4
1-0

[Event "DVM U14 2011"]
[Site "Lingen (Ems) GER"]
[Date "2011.12.29"]
[Round "5"]
[White "Glatzel, Jonas"]
[Black "Sabirov, Ramil"]
[Result "1-0"]
[Termination "normal"]
[Board "3.1"]
[WhiteElo "1937"]
[BlackElo "1720"]
[WhiteTeam "SK Kspr. Iserlohn 1934"]
[BlackTeam "SG Porz"]
[WhiteFideId "12937800"]
[BlackFideId "12900303"]
[EventCountry "GER"]
[EventRounds "7"]
[EventType "team-swiss"]
[EventDate "2011.12.26"]

1. e4 c5 2. c3 Nf6 3. e5 Nd5 4. d4 cxd4 5. Nf3 Nc6 6. cxd4 d6 7. Bc4 Nb6 8. Bb3
dxe5 9. d5 Na5 10. Nc3 Nxb3 11. Qxb3 e6 12. Nxe5 exd5 13. Be3 Bd6 14. Qb5+ Kf8
15. Nf3 Be6 16. Rd1 Qc7 17. O-O Rd8 18. Rfe1 Qc4 19. Bxb6 Qxb5 20. Nxb5 axb6
21. Nfd4 Bg4 22. f3 Bh5 23. Nxd6 Rxd6 24. Rc1 Rd8 25. Rc7 g5 26. Ree7 Bg6 27.
Rxb7 Ra8 28. Nf5 Re8 29. Rxe8+ Kxe8 30. Rb8+ Kd7 31. Rxh8 Bxf5 32. Kf2 Kc6 33.
Ke3 Kc5 34. Rd8 b5 35. Rg8 d4+ 36. Kd2 Bg6 37. g3 Kd5 38. b3 Kc5 39. Rxg6 fxg6
40. a3 Kd5 41. Kd3 Kc5 42. a4 bxa4 43. bxa4 h6 44. a5 1-0

[Event "DVM U14 2011"]
[Site "Lingen (Ems) GER"]
[Date "2011.12.29"]
[Round "5"]
[White "Brungs, Sven"]
[Black "Dröttboom, Tobias"]
[Result "1-0"]
[Termination "normal"]
[Board "3.2"]
[WhiteElo "1516"]
[BlackElo "1460"]
[WhiteTeam "SG Porz"]
[BlackTeam "SK Kspr. Iserlohn 1934"]
[WhiteFideId "12946257"]
[BlackFideId "12946133"]
[EventCountry "GER"]
[EventRounds "7"]
[EventType "team-swiss"]
[EventDate "2011.12.26"]

1. d4 c5 2. c4 cxd4 3. Qxd4 Nc6 4. Qd1 g6 5. Nf3 Bg7 6. Nc3 d6 7. g3 Nf6 8. Bg2
Qb6 9. O-O Be6 10. Nd5 Bxd5 11. cxd5 Ne5 12. Nxe5 dxe5 13. Qa4+ Nd7 14. Bh3 f5
15. e4 Qf6 16. Bd2 a6 17. Rac1 b5 18. Qc2 Nb6 19. exf5 gxf5 20. Qc6+ Qxc6 21.
dxc6 O-O 22. c7 Rac8 23. Rc6 Nc4 24. Bb4 Rf6 25. Rxf6 exf6 26. b3 a5 27. bxc4
axb4 28. cxb5 Rxc7 29. Bxf5 Rb7 30. Be6+ Kf8 31. Bc4 Ke8 32. Rd1 Rc7 33. Bd5
Bf8 34. b6 Rc8 35. b7 Rb8 36. Bc6+ Kf7 37. Rd7+ Be7 38. Bd5+ Ke8 39. Be6 h6 40.
Rc7 Bd8 41. Rh7 Be7 42. Bc8 Bf8 43. Kg2 f5 44. Bxf5 Be7 45. Bc8 Bg5 46. Kf3 Kf8
47. Ke4 Kg8 48. Rd7 Bf6 49. Kf5 Bg7 50. Kg6 Bf8 51. Rd8 1-0

[Event "DVM U14 2011"]
[Site "Lingen (Ems) GER"]
[Date "2011.12.29"]
[Round "5"]
[White "von Bargen, Lukas"]
[Black "Popov, Leonard"]
[Result "1-0"]
[Termination "normal"]
[Board "3.3"]
[WhiteElo "1407"]
[BlackElo "1388"]
[WhiteTeam "SK Kspr. Iserlohn 1934"]
[BlackTeam "SG Porz"]
[WhiteFideId "12946141"]
[BlackFideId "12946265"]
[EventCountry "GER"]
[EventRounds "7"]
[EventType "team-swiss"]
[EventDate "2011.12.26"]

1. d4 e6 2. Nf3 Nf6 3. Bf4 Be7 4. e3 O-O 5. Nbd2 b6 6. c3 Bb7 7. Bd3 d6 8. h3
Nbd7 9. O-O Re8 10. e4 Bf8 11. Bg3 g6 12. Bh4 e5 13. Bxf6 Nxf6 14. d5 a6 15. g4
b5 16. Qe2 c6 17. a4 cxd5 18. axb5 dxe4 19. Bxe4 Nxe4 20. Nxe4 Bxe4 21. Qxe4
axb5 22. Qd5 Rxa1 23. Rxa1 Qf6 24. Qxb5 Re6 25. Kg2 e4 26. Nd4 Re5 27. Qe2 Re8
28. Re1 d5 29. b4 Bg7 30. Qb5 Qd8 31. Qc5 Bxd4 32. Qxd4 h5 33. gxh5 Qg5+ 34.
Kh2 Qxh5 35. b5 Qe5+ 36. Qxe5 Rxe5 37. b6 Re8 38. b7 Rb8 39. Rb1 f5 40. h4 Kf7
41. Rb6 Kg7 42. Kg3 1-0

[Event "DVM U14 2011"]
[Site "Lingen (Ems) GER"]
[Date "2011.12.29"]
[Round "5"]
[White "Yang, Daniel"]
[Black "Dannenberg, Thomas"]
[Result "1-0"]
[Termination "normal"]
[Board "3.4"]
[WhiteElo "1263"]
[BlackElo "1427"]
[WhiteTeam "SG Porz"]
[BlackTeam "SK Kspr. Iserlohn 1934"]
[WhiteFideId "12946273"]
[EventCountry "GER"]
[EventRounds "7"]
[EventType "team-swiss"]
[EventDate "2011.12.26"]

1. d4 d5 2. Nf3 Nf6 3. g3 e6 4. Bg2 Bd6 5. O-O O-O 6. Nbd2 Nc6 7. b3 b6 8. Bb2
Bb7 9. c4 Rc8 10. cxd5 exd5 11. Ne5 Re8 12. Ndf3 a6 13. Qc2 Ne7 14. Bh3 Rb8 15.
Ng5 Rf8 16. Nexf7 Rxf7 17. Be6 Kf8 18. Nxf7 Qe8 19. Nxd6 cxd6 20. Ba3 Qd8 21.
Rac1 Bc6 22. Qd2 Bd7 23. Bxd7 Qxd7 24. Qf4 Rd8 25. Rc3 Ng6 26. Qf3 Kg8 27. Rfc1
Ne7 28. Rc7 Qe6 29. Qe3 Qxe3 30. fxe3 Nf5 31. Rc8 Rxc8 32. Rxc8+ Kf7 33. Rc6
Nxe3 34. Rxd6 Nc2 35. Bb2 Nb4 36. a3 Nc2 37. Rxb6 Ne4 38. Rxa6 Nd2 39. b4 g5
40. Kf2 g4 41. b5 Nc4 42. Bc3 N2xa3 43. Rxa3 Nxa3 44. b6 Nb5 45. b7 Nxc3 46.
b8=Q Ne4+ 47. Ke3 Kg6 48. Qg8+ 1-0

[Event "DVM U14 2011"]
[Site "Lingen (Ems) GER"]
[Date "2011.12.29"]
[Round "5"]
[White "Kramer, Julian"]
[Black "Petrashov, Alexander"]
[Result "0-1"]
[Termination "normal"]
[Board "4.1"]
[WhiteElo "2047"]
[BlackElo "1751"]
[WhiteTeam "Hamburger SK von 1830"]
[BlackTeam "SW  Nürnberg Süd"]
[WhiteFideId "12921742"]
[BlackFideId "24662461"]
[EventCountry "GER"]
[EventRounds "7"]
[EventType "team-swiss"]
[EventDate "2011.12.26"]

1. e4 e6 2. d4 d5 3. Nc3 Bb4 4. e5 Ne7 5. a3 Bxc3+ 6. bxc3 c5 7. Qg4 Ng6 8. h4
h5 9. Qg3 c4 10. Bd2 Nc6 11. Be2 Nce7 12. Qh2 Nf5 13. g3 Bd7 14. Nh3 Ba4 15.
Bd1 Qb6 16. Rc1 Qb2 17. Rg1 O-O-O 18. Nf4 Nxf4 19. gxf4 g6 20. Kf1 Qxa3 21. Rb1
Qa2 22. Rc1 Qb2 23. Rg3 Nxg3+ 24. fxg3 a5 25. Ke2 Bc6 0-1

[Event "DVM U14 2011"]
[Site "Lingen (Ems) GER"]
[Date "2011.12.29"]
[Round "5"]
[White "Meulner, Fabian"]
[Black "Hinrichs, Lars"]
[Result "1/2-1/2"]
[Termination "normal"]
[Board "4.2"]
[WhiteElo "1812"]
[BlackElo "1900"]
[WhiteTeam "SW  Nürnberg Süd"]
[BlackTeam "Hamburger SK von 1830"]
[WhiteFideId "12913936"]
[BlackFideId "12921769"]
[EventCountry "GER"]
[EventRounds "7"]
[EventType "team-swiss"]
[EventDate "2011.12.26"]

1. d4 Nf6 2. Bg5 e6 3. e3 h6 4. Bh4 c5 5. c3 d5 6. Nd2 Be7 7. Ngf3 Nc6 8. Bd3
O-O 9. Bxf6 Bxf6 10. h4 e5 11. dxe5 Nxe5 12. Nxe5 Bxe5 13. Qh5 Qf6 14. Nf3
Bxc3+ 15. bxc3 Qxc3+ 16. Ke2 Qb2+ 17. Nd2 c4 18. Rhb1 cxd3+ 19. Ke1 Qf6 20.
Qxd5 Rd8 21. Qf3 Qxh4 22. g3 Qg5 23. a4 Qd5 24. Rb5 Qxf3 25. Nxf3 Bg4 26. Nd4
b6 27. Kd2 Be2 1/2-1/2